00719nam a22001097a 4500008004100000100004600041245003700087260001700124300003000141520042100171773001700592221208b ||||| |||| 00| 0 eng d aRajeevan, Reshma and Mukherjee, Abhishek  aNon-conventional energy sources  aKurukshetra  a71(1), Nov, 2022: p.27-32 aIndia is gradually transitioning from conventional sources to non-conventional secures of energy, for its needs. This is particularly significant as being one of the fastest growing congeries in the worked and fifth larges economy as on date India holds a s strategically important position in the global arena and India’s efforts in climate change will pave a direction for the future generation. – Reproduced  aKurukshetra